| 000 | 00365 a2200169 4500 | ||
|---|---|---|---|
| 001 | 190656 | ||
| 020 | _a85-7302-308-2 | ||
| 040 | _cMagnum | ||
| 100 | _aPressfield, Steven | ||
| 240 | 1 | 0 |
_aPortões de fogo _lpor |
| 245 | 1 | 0 | _aPortões de fogo |
| 300 | _a393 | ||
| 362 | 0 | _a2001 | |
| 440 | 1 | _aObjetiva | |
| 697 | _aLITERATURA GERAL ESTRANGEIRA | ||
| 942 | _cBK | ||
| 999 |
_c190656 _d190656 |
||